Welcome to the Holygrace Academy Library

Please use search bar below to get started

MRS FUNNY BONES (Record no. 5844)

MARC details
000 -LEADER
fixed length control field 00259nam a22001217a 4500
082 ## - DEWEY DECIMAL CLASSIFICATION NUMBER
Classification number KHA/M
Item number 158
100 ## - MAIN ENTRY--AUTHOR NAME
Personal name KHANNA,TWINKLE
245 ## - TITLE STATEMENT
Title MRS FUNNY BONES
260 ## - PUBLICATION, DISTRIBUTION, ETC. (IMPRINT)
Place of publication INDIA
Name of publisher PENGUIN RANDOM HOUSE
300 ## - PHYSICAL DESCRIPTION
Number of Pages 235
650 ## - SUBJECT ADDED ENTRY--TOPICAL TERM
Topical Term BIOGRAPHY
Geographic subdivision INDIA
942 ## - ADDED ENTRY ELEMENTS (KOHA)
Koha item type Books
Holdings
Withdrawn status Lost status Collection code Home library Current library Shelving location Date acquired Source of acquisition Full call number Accession Number Koha item type
    Reference Main Library Main Library SHELF-17-I-BIOGRAPHIES & AUTOBIOGRAPHIES 01/11/2019 PURCHASE KHA/M 158 11871 Books